| 000 | 00603nam a2200217 a 4500 | ||
|---|---|---|---|
| 001 | BRCA_7469 | ||
| 005 | 20190320205840.0 | ||
| 008 | 180413s1910----enka######---#000-0#eng-# | ||
| 041 | _aeng | ||
| 044 | _aenk | ||
| 050 | 4 |
_aGT2150 _b.R44 1910 |
|
| 100 | 1 |
_aRhead, G. Woolliscroft _918388 |
|
| 245 | 1 | 0 |
_aHistory of the fan _cby G. Woolliscroft Rhead. |
| 260 |
_aLondres _bKegan Paul, Trench, Trubner _c1910 |
||
| 300 |
_axix, 311 p. _bil. (algunas a color), 127 láminas |
||
| 500 | _aEdición con cantos dorados | ||
| 500 | _aQ228 | ||
| 650 | 1 | 4 |
_aAbanicos _918389 |
| 902 | _aGFM | ||
| 942 |
_2lcc _cB |
||
| 999 |
_c7145 _d7145 |
||